000 00693nam a2200229Ia 4500
003 OSt
005 20220925192855.0
006 a|||||r|||| 00| 0
007 ta
008 220923b |||||||| |||| 00| 0 eng d
037 _cGeneral Book
040 _aRTL
_cRTL
_beng
041 _2eng
_aeng
082 _aX9 (F5,1).275.P0 - N99r, P/GD
110 _aNational -Atandard duncan ltd.
_9246647
245 0 _aAnnual report 1999-2000.
260 _aCalcutta
_bNational standard Duncan ltd.
_c1999
300 _a35p.
_ccm.
700 _aNational -Atandard duncan ltd.
_9246648
942 _hX9 (F5,1).275.P0 - N99r, P/GD
_cGB
_2CC
999 _c523686
_d523686